01324nam a22002177a 450000500170000000800410001702000180005804000070007604100080008308200250009110000090011624500520012525000070017726000360018430000280022036500630024852007200031165000290103165000370106065100090109720250911095529.0241205b ||||| |||| 00| 0 eng d a9788198471475 cAL aeng 223a348.023054bBASB aBasu aBasus textbook on bharatiya nyaya sanhita Ed 17 a17 aNew DelhibWhytes and Co.c2025 acxv,1089pbPBc24x16cm. 2Generala1060b₹861.40c₹d₹1180.00e27%f28-11-2024 aThis authoritative text provides a comprehensive commentary on the Bharatiya Nyaya Sanhita (BNS), 2023 - the modern criminal code replacing the Indian Penal Code (IPC), 1860. Key Features: Full text of the Bharatiya Nyaya Sanhita, 2023 Detailed, section-wise commentary and analysis Comparative insights highlighting changes from the IPC Judgments from the Supreme Court and High Courts for better legal context QES (Quick Examination Study) for rapid revision and conceptual clarity, especially useful for students and exam aspirants This book is ideal for law students, judicial service aspirants, practicing advocates, academicians, and researchers seeking a thorough understanding of Indian criminal law reform. aCases, Laws, Regulations aRepealing Indian Penal Code 1860 aQES